Sistema comercial de Grecia : (Record no. 156459)

MARC details
000 -LEADER
campo de control de longitud fija 01168nam a22002295i 4500
001 - NÚMERO DE CONTROL
campo de control 156459
003 - IDENTIFICADOR DE NÚMERO DE CONTROL
campo de control ES-MaACL
005 - FECHA Y HORA DE LA ÚLTIMA TRANSACCIÓN
campo de control 20250930063134.0
008 - DATOS DE LONGITUD FIJA--INFORMACIÓN GENERAL
campo de control de longitud fija 040805s1851 sp |||| | spa d
080 ## - NÚMERO DE LA CLASIFICACIÓN DECIMAL UNIVERSAL
Número de la Clasificación Decimal Universal 339.5(495)
100 1# - ENTRADA PRINCIPAL--NOMBRE DE PERSONA
Nombre de persona Jove y Hevia, Plácido de,
Títulos y otros términos asociados al nombre Vizconde de Campo Grande
9 (RLIN) 67050
245 10 - MENCIÓN DEL TÍTULO
Título Sistema comercial de Grecia :
Resto del título con deducciones acerca de las relaciones de comercio que pueden establecerse entre este reino y España con ventaja para ambos países /
Mención de responsabilidad, etc. por D. Plácido de Jove y Hevia.
260 ## - PUBLICACIÓN, DISTRIBUCIÓN, ETC.
Lugar de publicación, distribución, etc. Madrid :
Nombre del editor, distribuidor, etc. [s.n.],
Fecha de publicación, distribución, etc. 1851 (
Fabricante Imp. del Ministerio de Comercio, Instrucción y Obras Públicas)
300 ## - DESCRIPCIÓN FÍSICA
Extensión 72 p. ;
Dimensiones 21 cm.
530 ## - NOTA DISPONIBLE DE FORMULARIO FÍSICO ADICIONAL
Nota de formato físico adicional disponible Disponible en formato digital.
594 ## - Nota al título y mención de responsabilidad
Nota al título y mención de responsabilidad En port.: Inserto en el Boletín del Ministerio de Comercio, Instrucción y Obras Públicas
651 ## - PUNTO DE ACCESO ADICIONAL DE MATERIA--NOMBRE GEOGRÁFICO
Nombre geográfico Grecia-
Subdivisión general Comercio exterior.
9 (RLIN) 164398
710 1# - ENTRADA AGREGADA--NOMBRE DE ENTIDAD CORPORATIVA
Nombre de entidad corporativa o nombre de jurisdicción como elemento de entrada España.
Unidad subordinada Ministerio de Comercio, Instrucción y Obras Públicas.
9 (RLIN) 170703
852 4# - LOCALIZACIÓN
Ubicación ES-MaACL
Número de control de estantería T-34-F-6
Nota libre - Enc. hol.
-- - Enc. en un vol. facticio
856 4# - LOCALIZACIÓN Y ACCESO ELECTRÓNICOS
Identificador Uniforme de Recursos <a href="http://bdh-rd.bne.es/viewer.vm?id=0000193919&page=1 ">http://bdh-rd.bne.es/viewer.vm?id=0000193919&page=1 </a>
Nota pública Biblioteca Digital Hispánica
Holdings
Estatus retirado Estado de pérdida Estado de daño No para préstamo Colección Biblioteca de origen Biblioteca actual Ubicación en estantería Fecha de adquisición Total de préstamos Signatura topográfica completa Código de barras Visto por última vez Precio de reemplazo Tipo de ítem Koha
        Colección de folletos Biblioteca del Ateneo de Madrid Biblioteca del Ateneo de Madrid Depósito folletos 17/01/2008   T-34-F-6 1163690 23/02/2023 23/02/2023 Folleto